Conceptual database design : an entity-relationship approach /
Guardado en:
| Autor Principal: | |
|---|---|
| Otros Autores: | , |
| Formato: | Libro |
| Idioma: | English |
| Publicado: |
Redwood City, Calif. :
Benjamin/Cummings,
c1992.
|
| Materias: | |
| Etiquetas: |
Agregar Etiqueta
Sin Etiquetas, Sea el primero en etiquetar este registro!
|
| LEADER | 00790cam a2200229 a 4500 | ||
|---|---|---|---|
| 001 | MAT.inmabb003721 | ||
| 008 | 910403s1992####caua#####b####001#0#eng## | ||
| 005 | 20130409124841.0 | ||
| 245 | 1 | 0 | |a Conceptual database design : |b an entity-relationship approach / |c Carlo Batini, Stefano Ceri, Shamkant B. Navathe. |
| 260 | |a Redwood City, Calif. : |b Benjamin/Cummings, |c c1992. | ||
| 300 | |a xxiv, 470 p. : |b il. ; |c 25 cm. | ||
| 504 | |a Incluye referencias bibliográficas e índices. | ||
| 020 | |a 0805302441 | ||
| 100 | 1 | |a Batini, Carlo. | |
| 700 | 1 | |a Ceri, Stefano, |d 1955- | |
| 700 | 1 | |a Navathe, Sham. | |
| 650 | 0 | |a Database design. | |
| 650 | 0 | |a Entity-relationship modeling. | |
| 084 | |a 68P15 |2 msc2000 | ||
| 010 | |a 91015635 | ||
| 040 | |a DLC |c DLC |d DLC | ||
| 859 | |h 68 |i B333 |p A-6860 |b BIB. MATEMATICA | ||
